000 00354nam a2200145Ia 4500
008 230711s9999||||xx |||||||||||||| ||und||
041 _aENG
082 _a621.3
_bPA-M
100 _aPartab,H
245 0 _aModern electric traction
250 _a1st Ed.
260 _c1992
_aNew Delhi
_bPradeep publishers
650 _aElectrical Engineering
942 _cBK
999 _c3042
_d3042